01529nam a2200385 i 4500001000700000003000800007005001700015006001900032007001500051008004100066020002800107035002200135040003100157050002300188080002200211082001400233100003300247245017400280264004500454300004100499336003100540337003300571338004300604490001300647500002200660504004200682588008300724590016200807650003300969655002701002797001801029830001401047856006301061999001901124127498FINmELB20241217180021.0m o d | cr cnu||||||||231025s2023 ag ob 001 0 spa d a9789878141909q(e-book) a(OCoLC)1410392874 aFINmELBbspaerdacFINmELB 4aHD9000.5bQ84 2023 a316.334.2:338.43904a363.82231 aQuiroga, Juan Pablo,eautor.10aCuando comer es un acto político :blas relaciones sociales, políticas y de mercado que regulan el acceso y la titularidad sobre los alimentos /cJuan Pablo Quiroga. 1aBuenos Aires :bEditorial Biblos,c2023. a1 recurso en línea (406 páginas) atextobtxt2rdacontent/spa acomputadorabc2rdamedia/spa arecurso en líneabcr2rdacarrier/spa1 aSociedad aIncluye índice. aIncluye referencias bibliográficas. aDescripción basada en metadatos suministrados por el editor y otras fuentes. aRecurso electrónico. Santa Fe, Arg.: elibro, 2023. Disponible vía World Wide Web. El acceso puede estar limitado para las bibliotecas afiliadas a elibro. 4aDerecho a la Alimentación. 4aLibros electrónicos.2 aelibro, Corp. 0aSociedad.40uhttps://elibro.net/ereader/politecnicointernacional/243871 c127498d127498